Managing Secularism in the New Millennium (Record no. 2730)

MARC details
000 -LEADER
fixed length control field 00415nam a22001697a 4500
005 - DATE AND TIME OF LATEST TRANSACTION
control field 20260502151744.0
008 - FIXED-LENGTH DATA ELEMENTS--GENERAL INFORMATION
fixed length control field 160615b xxu||||| |||| 00| 0 eng d
020 ## - INTERNATIONAL STANDARD BOOK NUMBER
ISBN 81-7446-193-0
041 ## - LANGUAGE CODE
Language code of text/sound track or separate title eng
082 ## - DEWEY DECIMAL CLASSIFICATION NUMBER
Item number 7646
100 ## - MAIN ENTRY--AUTHOR NAME
Personal name UBEROI, N.K. & Kumar Surinder
245 ## - TITLE STATEMENT
Title Managing Secularism in the New Millennium
260 ## - PUBLICATION, DISTRIBUTION, ETC. (IMPRINT)
Name of publisher Excel book
Year of publication 2000
300 ## - PHYSICAL DESCRIPTION
Number of Pages 126
650 ## - SUBJECT ADDED ENTRY--TOPICAL TERM
Topical Term Management
942 ## - ADDED ENTRY ELEMENTS (KOHA)
Koha item type Books
Holdings
Lost status Damaged status Collection code Home library Current library Shelving location Date acquired Cost, normal purchase price Full call number Accession Number Koha item type
    MANAGEMENT JRU Library JRU Library SHELF-75-I 15/06/2016 145.00 7646 7646 Books
    MANAGEMENT JRU Library JRU Library SHELF-71-E 15/06/2016 145.00 7646 7647 Books
Lost     JRU Library   SHELF-28-A 15/06/2016 145.00 7646 7648 Books
    MANAGEMENT JRU Library JRU Library SHELF-71-E 15/06/2016 145.00 7646 7649 Books